<?xml version="1.0" encoding="UTF-8"?>
<collection xmlns="http://www.loc.gov/MARC21/slim">
 <record>
  <leader>01036nam a22002175a 4500</leader>
  <controlfield tag="001">CEM.cems021257</controlfield>
  <controlfield tag="008">240627s2013####sp############000#0#und#d</controlfield>
  <controlfield tag="005">20240627120352.0</controlfield>
  <datafield tag="245" ind1="1" ind2="0">
   <subfield code="a">Percy Jackson y los dioses del Olimpo /</subfield>
   <subfield code="c">Riordan, Rick.</subfield>
  </datafield>
  <datafield tag="250" ind1=" " ind2=" ">
   <subfield code="a">1era. ed.</subfield>
  </datafield>
  <datafield tag="260" ind1=" " ind2=" ">
   <subfield code="a">Barcelona :</subfield>
   <subfield code="b">Salamandra,</subfield>
   <subfield code="c">2013.</subfield>
  </datafield>
  <datafield tag="300" ind1=" " ind2=" ">
   <subfield code="a">288 p. ;</subfield>
   <subfield code="c">22 cm.</subfield>
  </datafield>
  <datafield tag="490" ind1="1" ind2=" ">
   <subfield code="a">Narrativa joven</subfield>
  </datafield>
  <datafield tag="520" ind1=" " ind2=" ">
   <subfield code="a">La historia está ambientada en los Estados Unidos en la época actual pero está basada en un suceso destacado en la mitología griega. El protagonista es Percy Jackson, un joven hijo de Poseidón, dios del mar y los terremotos. Un día descubre que todos los mitos de la antigua Grecia son reales junto con sus respectivos dioses, que moran en el Olimpo, ahora situado en el piso 600 del Empire State Building.</subfield>
  </datafield>
  <datafield tag="020" ind1=" " ind2=" ">
   <subfield code="a">9789878001982</subfield>
  </datafield>
  <datafield tag="100" ind1="1" ind2=" ">
   <subfield code="a">Riordan, Rick.</subfield>
  </datafield>
  <datafield tag="082" ind1="0" ind2="4">
   <subfield code="a">813</subfield>
  </datafield>
  <datafield tag="653" ind1=" " ind2=" ">
   <subfield code="a">Literatura juvenil</subfield>
  </datafield>
  <datafield tag="653" ind1=" " ind2=" ">
   <subfield code="a">Novelas juveniles</subfield>
  </datafield>
  <datafield tag="653" ind1=" " ind2=" ">
   <subfield code="a">Novela de aventuras</subfield>
  </datafield>
  <datafield tag="859" ind1=" " ind2=" ">
   <subfield code="a">CEMS</subfield>
   <subfield code="b">BIB. CEMS - Agricultura</subfield>
   <subfield code="h">813.9</subfield>
   <subfield code="i">R585</subfield>
   <subfield code="p">A3687.24</subfield>
   <subfield code="t">Ej.1</subfield>
  </datafield>
 </record>
</collection>
